[Event "26th EUR-ch"]
[Site "Katowice POL"]
[Date "2026.04.07"]
[Round "1.82"]
[White "Bachor, Tomasz"]
[Black "Janik, Igor"]
[Result "0-1"]
[WhiteElo "2178"]
[BlackElo "2504"]
[EventDate "2026.04.07"]
[PlyCount "70"]

1.d4 Nf6 2.c4 e6 3.Nc3 Bb4 4.e3 b6 5.Ne2 c5 6.a3 Ba5 7.Bd2 O-O 8.d5 exd5 
9.cxd5 a6 10.Nf4 d6 11.b4 cxb4 12.Nce2 bxa3 13.Bxa5 bxa5 14.Qb3 Nbd7 15.
Qxa3 Nc5 16.Nc3 Rb8 17.Bc4 Rb4 18.Be2 Rb3 19.Qc1 a4 20.O-O Qa5 21.Nxa4 
Nxa4 22.Bd1 Rb4 23.Nd3 Bd7 24.Qd2 Rb5 25.Qa2 Qc3 26.Bxa4 Qxd3 27.Bxb5 Bxb5
28.Rfd1 Qg6 29.Rac1 Ne4 30.Rc7 Nc5 31.f3 Qg5 32.e4 h5 33.Qd2 Qd8 34.Qa5 h4
35.Qb6 h3 0-1

[Event "26th EUR-ch"]
[Site "Katowice POL"]
[Date "2026.04.07"]
[Round "1.83"]
[White "Kilic, Eray"]
[Black "Sliwicki, Damian"]
[Result "1-0"]
[WhiteElo "2502"]
[BlackElo "2176"]
[EventDate "2026.04.07"]
[PlyCount "57"]

1.e4 e5 2.Nf3 Nc6 3.Bc4 Nf6 4.d3 Bc5 5.Nc3 h6 6.a3 a5 7.Be3 Qe7 8.O-O O-O 
9.Nh4 Bxe3 10.fxe3 Kh7 11.Nf5 Qd8 12.Qf3 d6 13.Qg3 Bxf5 14.Rxf5 Ne7 15.Rf3
c6 16.Raf1 b5 17.Bb3 Ra7 18.a4 Qb8 19.axb5 cxb5 20.Rxf6 gxf6 21.Rxf6 Ng8 
22.Bxf7 Kh8 23.Qg6 Qd8 24.Rf5 Qh4 25.g3 Qh3 26.Be6 Re7 27.Rxf8 Qxe6 28.
Qxe6 Rxe6 29.Nxb5 1-0

[Event "26th EUR-ch"]
[Site "Katowice POL"]
[Date "2026.04.07"]
[Round "1.84"]
[White "Latzke, Boris"]
[Black "Gokerkan, Cem Kaan"]
[Result "0-1"]
[WhiteElo "2173"]
[BlackElo "2501"]
[EventDate "2026.04.07"]
[PlyCount "110"]

1.d4 Nf6 2.c4 e6 3.Nf3 d5 4.cxd5 exd5 5.Bg5 c6 6.Nc3 Nbd7 7.e3 Qa5 8.Qc2 
Ne4 9.Bf4 Bb4 10.Rc1 Qxa2 11.Bd3 Nxc3 12.bxc3 Qxc2 13.Rxc2 Be7 14.c4 dxc4 
15.Bxc4 Nb6 16.Bb3 Bf5 17.Ra2 Nd5 18.Bxd5 cxd5 19.Ke2 O-O 20.Rc1 Rfc8 21.
Rxc8+ Bxc8 22.Bc7 Bd7 23.Bb6 Bb5+ 24.Kd1 a6 25.Ne1 Rc8 26.Ba5 f6 27.Kd2 
Kf7 28.Nd3 g5 29.Ra1 Rc4 30.Nb2 Rc6 31.Nd3 b6 32.Bc3 a5 33.f3 Re6 34.Re1 
Bd8 35.e4 Bc6 36.e5 b5 37.f4 f5 38.g4 b4 39.Bb2 Kg6 40.Rf1 Bb5 41.gxf5+ 
Kxf5 42.fxg5+ Kxg5 43.Rg1+ Kh6 44.Nf4 Rc6 45.h4 a4 46.Nxd5 b3 47.Ba3 Kh5 
48.Ke3 Rc2 49.Rg8 Ra2 50.Nf4+ Kxh4 51.Kf3 Bc6+ 52.d5 Bxd5+ 53.Nxd5 Rxa3 
54.Rg4+ Kh5 55.Nf4+ Kh6 0-1

[Event "26th EUR-ch"]
[Site "Katowice POL"]
[Date "2026.04.07"]
[Round "1.85"]
[White "Psyk, Radoslaw"]
[Black "Senel, Hayri Beyhun"]
[Result "1-0"]
[WhiteElo "2501"]
[BlackElo "2172"]
[EventDate "2026.04.07"]
[PlyCount "89"]

1.e4 e6 2.d4 d5 3.Nc3 dxe4 4.Nxe4 Nd7 5.Nf3 Ngf6 6.Nxf6+ Nxf6 7.g3 c5 8.
Bg2 Be7 9.O-O O-O 10.dxc5 Bxc5 11.Ne5 Qc7 12.Qe2 Nd7 13.Nc4 e5 14.Be3 Bxe3
15.Nxe3 Nf6 16.Qc4 Qe7 17.Rfe1 Be6 18.Qc3 e4 19.Rad1 Rfd8 20.Qe5 Qb4 21.a3
Qb6 22.b3 Qc6 23.Rd4 Rxd4 24.Qxd4 b6 25.Rd1 h6 26.h3 Re8 27.Qb4 Qc8 28.Kh2
Qb7 29.Rd6 Qc7 30.Rd4 Qc8 31.Qd6 Qb7 32.a4 Qc8 33.c4 Qc5 34.b4 Qxd6 35.
Rxd6 Rc8 36.Rd4 a5 37.b5 Nd7 38.Bxe4 Nc5 39.Bc2 Kf8 40.f4 f6 41.Rd6 Rb8 
42.g4 Ke7 43.Rc6 Kd8 44.Nd5 Bd7 45.Rd6 1-0

[Event "26th EUR-ch"]
[Site "Katowice POL"]
[Date "2026.04.07"]
[Round "1.86"]
[White "Krzywda, Andrzej"]
[Black "Kacharava, Nikolozi"]
[Result "0-1"]
[WhiteElo "2172"]
[BlackElo "2500"]
[EventDate "2026.04.07"]
[PlyCount "96"]

1.e4 c5 2.Nf3 d6 3.Bb5+ Nd7 4.Ba4 a6 5.c4 Nf6 6.Nc3 e6 7.O-O Be7 8.d3 O-O 
9.Ne1 Nb6 10.Bb3 Nfd7 11.f4 Nb8 12.Nf3 Nc6 13.Be3 Bd7 14.Kh1 Kh8 15.Qd2 f5
16.Rae1 Rc8 17.exf5 exf5 18.Bf2 Bf6 19.Bd1 Ne7 20.b3 d5 21.Ne5 d4 22.Ne2 
Nc6 23.Ng1 Nxe5 24.fxe5 Bg5 25.Qe2 Be6 26.Qf3 Rc7 27.Nh3 Bd2 28.Re2 Bh6 
29.Nf4 Bxf4 30.Qxf4 g5 31.Qd2 Nc8 32.b4 b6 33.bxc5 bxc5 34.Qa5 Ne7 35.Qxa6
Rc6 36.Qb7 Rb6 37.Qf3 Ng6 38.Be1 g4 39.Qf2 Rb1 40.Ba4 f4 41.Rb2 g3 42.Qc2 
Qh4 43.h3 Bxh3 44.gxh3 Rxe1 45.Rxe1 f3 46.Rf1 Qxh3+ 47.Kg1 f2+ 48.Rxf2 
gxf2+ 0-1

[Event "26th EUR-ch"]
[Site "Katowice POL"]
[Date "2026.04.07"]
[Round "1.87"]
[White "Velten, Paul"]
[Black "Kulich, Filip"]
[Result "1-0"]
[WhiteElo "2500"]
[BlackElo "2171"]
[EventDate "2026.04.07"]
[PlyCount "75"]

1.d4 Nf6 2.c4 e6 3.Nf3 b6 4.a3 Bb7 5.Bf4 Be7 6.Nc3 O-O 7.d5 d6 8.e4 e5 9.
Be3 Nbd7 10.Nd2 a5 11.Bd3 Re8 12.Bc2 Qc8 13.g4 Nf8 14.Rg1 Ng6 15.Qf3 Nd7 
16.O-O-O c6 17.Kb1 Rb8 18.Rc1 Ba6 19.Ba4 b5 20.cxb5 cxb5 21.Bxb5 Bxb5 22.
Nxb5 Qa6 23.a4 Rec8 24.Rxc8+ Rxc8 25.Rc1 Rxc1+ 26.Kxc1 Qc8+ 27.Kb1 Nc5 28.
Na7 Qc7 29.Nb5 Qc8 30.Qd1 Nf4 31.f3 Ncd3 32.Bxf4 exf4 33.Qc2 Qxc2+ 34.Kxc2
Ne5 35.Nd4 Kf8 36.Nc6 Nxc6 37.dxc6 Ke8 38.Nc4 1-0

[Event "26th EUR-ch"]
[Site "Katowice POL"]
[Date "2026.04.07"]
[Round "1.88"]
[White "Sertbay, Huseyin"]
[Black "Klimkowski, Jan"]
[Result "0-1"]
[WhiteElo "2171"]
[BlackElo "2498"]
[EventDate "2026.04.07"]
[PlyCount "34"]

1.d4 Nf6 2.c4 e6 3.Nc3 Bb4 4.Qc2 c5 5.dxc5 O-O 6.Nf3 Na6 7.g3 Nxc5 8.Bg2 
Nfe4 9.O-O Bxc3 10.bxc3 d6 11.Rd1 Bd7 12.Nd4 f5 13.Nb5 Qa5 14.Nxd6 Ba4 15.
Bxe4 fxe4 16.Qd2 Bxd1 17.Qxd1 Rad8 0-1

[Event "26th EUR-ch"]
[Site "Katowice POL"]
[Date "2026.04.07"]
[Round "1.89"]
[White "Zanan, Evgeny"]
[Black "Tirpan, Ceren"]
[Result "1-0"]
[WhiteElo "2497"]
[BlackElo "2167"]
[EventDate "2026.04.07"]
[PlyCount "61"]

1.e4 c5 2.Nf3 e6 3.d4 cxd4 4.Nxd4 Nc6 5.Nc3 Qc7 6.Ncb5 Qb8 7.Bd3 Nf6 8.O-O
a6 9.Nxc6 bxc6 10.Nc3 e5 11.f4 Bd6 12.Qe2 h5 13.f5 h4 14.Na4 Bc7 15.c4 c5 
16.Nc3 Bb7 17.a3 Nh5 18.Qg4 Bd8 19.Be3 Bc6 20.Rab1 Qb3 21.Qe2 Be7 22.Bc2 
Qb8 23.Ba4 Nf4 24.Bxf4 exf4 25.Bxc6 dxc6 26.e5 Qc7 27.f6 Bf8 28.Rbd1 h3 
29.e6 hxg2 30.Rfe1 f3 31.exf7+ 1-0

[Event "26th EUR-ch"]
[Site "Katowice POL"]
[Date "2026.04.07"]
[Round "1.90"]
[White "Gradalski, Olaf"]
[Black "Cieslak, Patryk"]
[Result "0-1"]
[WhiteElo "2167"]
[BlackElo "2495"]
[EventDate "2026.04.07"]
[PlyCount "96"]

1.c4 e6 2.Nc3 d5 3.d4 Nf6 4.Nf3 c6 5.Qc2 dxc4 6.Bg5 b5 7.e4 Be7 8.b3 Qa5 
9.Bd2 b4 10.Na4 c3 11.Bg5 h6 12.Bh4 Qd8 13.e5 Nd5 14.Bxe7 Qxe7 15.Nc5 Nd7 
16.Ne4 O-O 17.h4 f6 18.exf6 gxf6 19.O-O-O f5 20.Nc5 Nxc5 21.dxc5 Qxc5 22.
Bc4 Nb6 23.Rd4 Kg7 24.Re1 a5 25.Bxe6 Bxe6 26.Rxe6 Rae8 27.Rg4+ Kh7 28.Rxe8
Rxe8 29.Rf4 Rf8 30.g4 Qb5 31.Qd1 Nd5 32.Rxf5 Rxf5 33.gxf5 Nf6 34.Qe1 Qxf5 
35.Qe7+ Kg6 36.Qe3 Kh5 37.Nd4 Qd5 38.Ne6 Qh1+ 39.Kc2 Qe4+ 40.Qxe4 Nxe4 41.
Nd4 c5 42.Ne6 Kxh4 43.f3 Ng5 44.Nxc5 Nxf3 45.a3 Nd4+ 46.Kd3 c2 47.Kd2 bxa3
48.Kc1 a2 0-1

[Event "26th EUR-ch"]
[Site "Katowice POL"]
[Date "2026.04.07"]
[Round "1.91"]
[White "Pavlidou, Ekaterini"]
[Black "Lashkin, Jegor"]
[Result "1-0"]
[WhiteElo "2166"]
[BlackElo "2493"]
[EventDate "2026.04.07"]
[PlyCount "103"]

1.d4 Nf6 2.c4 e6 3.Nc3 Bb4 4.e3 O-O 5.Bd2 b6 6.a3 Bxc3 7.Bxc3 Ne4 8.Qc2 
Bb7 9.Nf3 Nxc3 10.Qxc3 d6 11.Be2 Nd7 12.O-O Qe7 13.b4 c5 14.Rfd1 Rac8 15.
Qb3 Nf6 16.Rab1 Be4 17.Rb2 Qc7 18.Nd2 Bg6 19.Bd3 Bxd3 20.Qxd3 Rfd8 21.Rc2 
h6 22.h3 Qb7 23.Rb1 Rd7 24.Nb3 Qa6 25.Nd2 Rdc7 26.Rc3 Qa4 27.bxc5 dxc5 28.
d5 exd5 29.cxd5 c4 30.Qd4 b5 31.e4 Nd7 32.e5 Nc5 33.d6 Rd7 34.Qg4 h5 35.
Qxh5 Qa5 36.Rb4 Re8 37.Nf3 Ne6 38.Ng5 Nxg5 39.Qxg5 a6 40.Rg3 g6 41.f4 Qb6+
42.Kh2 a5 43.Rb1 b4 44.axb4 axb4 45.Qf6 Rb8 46.Qf5 Rdb7 47.Rd1 Qf2 48.Qe4 
c3 49.d7 c2 50.d8=Q+ Rxd8 51.Rxd8+ Kg7 52.Rxg6+ 1-0

[Event "26th EUR-ch"]
[Site "Katowice POL"]
[Date "2026.04.07"]
[Round "1.92"]
[White "Paichadze, Luka"]
[Black "Shpanko, Nadiia"]
[Result "1-0"]
[WhiteElo "2490"]
[BlackElo "2166"]
[EventDate "2026.04.07"]
[PlyCount "75"]

1.e4 d6 2.d4 Nf6 3.Nc3 e5 4.Nge2 Nbd7 5.g3 c6 6.Bg2 Qc7 7.O-O b5 8.a3 Bb7 
9.Be3 Ng4 10.Bd2 Ngf6 11.h3 h5 12.Be3 Nb6 13.b3 Be7 14.f4 Nbd7 15.Nb1 g6 
16.Nd2 a6 17.c4 bxc4 18.bxc4 c5 19.d5 Qa5 20.Qc2 Rb8 21.Nf3 Bc8 22.Bd2 Qc7
23.Bc3 Nh7 24.Qa4 O-O 25.Rfb1 Bd8 26.fxe5 Nxe5 27.Nxe5 dxe5 28.Rxb8 Qxb8 
29.Rf1 Bg5 30.Qc6 Be3+ 31.Kh2 f6 32.Rf3 Bd4 33.Nxd4 exd4 34.Bd2 Qb2 35.Bh6
d3 36.Qc7 Qb7 37.Qxb7 Bxb7 38.Bxf8 1-0

[Event "26th EUR-ch"]
[Site "Katowice POL"]
[Date "2026.04.07"]
[Round "1.93"]
[White "Chojnacki, Slawomir"]
[Black "Patrelakis, Evaggelos"]
[Result "0-1"]
[WhiteElo "2166"]
[BlackElo "2490"]
[EventDate "2026.04.07"]
[PlyCount "66"]

1.d4 Nf6 2.Nf3 c5 3.g3 cxd4 4.Bg2 e5 5.O-O Nc6 6.c3 dxc3 7.Nxc3 d5 8.Qb3 
e4 9.Ng5 h6 10.Nh3 g5 11.Rd1 Be6 12.Qxb7 Qc8 13.Qxc8+ Rxc8 14.Nxg5 hxg5 
15.Bxg5 Nh7 16.Be3 d4 17.Bxd4 Nxd4 18.Rxd4 e3 19.f4 Bg7 20.Ra4 O-O 21.Rxa7
Rfd8 22.Bf3 Rd2 23.Rb7 Bh3 24.a4 Rcd8 25.Nd5 Bxb2 26.Rb1 Nf6 27.Nxe3 Bd4 
28.Kf2 Re8 29.R7b3 Ra2 30.Rd1 Ba7 31.Rdd3 Ng4+ 32.Bxg4 Bxg4 33.h3 Bxe2 0-1

[Event "26th EUR-ch"]
[Site "Katowice POL"]
[Date "2026.04.07"]
[Round "1.94"]
[White "Gharibian, Mamikon"]
[Black "Hnatyshyn, Anastasiia"]
[Result "1-0"]
[WhiteElo "2487"]
[BlackElo "2164"]
[EventDate "2026.04.07"]
[PlyCount "233"]

1.d4 d5 2.c4 e6 3.Nc3 Be7 4.cxd5 exd5 5.Bf4 c6 6.e3 Bf5 7.Nf3 Nf6 8.Nh4 
Bg4 9.Qc2 Nh5 10.h3 Bc8 11.Nf3 Nxf4 12.exf4 O-O 13.Bd3 h6 14.O-O Bd6 15.
Ne5 Nd7 16.Rfe1 Nf6 17.Rad1 Bd7 18.Qd2 Rc8 19.Bb1 Rc7 20.Qd3 Bc8 21.g4 g6 
22.Kg2 Nh7 23.Qg3 b5 24.h4 Nf6 25.f3 h5 26.g5 Ne8 27.f5 gxf5 28.Ne2 Ng7 
29.Nf4 Be6 30.Re2 c5 31.dxc5 Rxc5 32.Qf2 Qc7 33.Nfd3 Rc4 34.b3 Rc3 35.Qd4 
a5 36.Nf4 Rc1 37.Rxc1 Qxc1 38.Bc2 Bc5 39.Qxc5 Qxf4 40.Qf2 Rc8 41.Nd3 Qd6 
42.Qd4 b4 43.Nf4 Rc5 44.Bd3 Bd7 45.Qe5 Qxe5 46.Rxe5 Be6 47.Bc4 Kf8 48.Kf2 
a4 49.Nd3 Rc7 50.Bxd5 Rc2+ 51.Kg3 Rxa2 52.bxa4 Rxa4 53.Bxe6 Nxe6 54.Rxf5 
Kg7 55.Rb5 Ra3 56.Nxb4 Rb3 57.Rb6 Nd4 58.Nd5 Nf5+ 59.Kf4 Rxb6 60.Nxb6 Nxh4
61.Nd5 Ng6+ 62.Kg3 Ne5 63.f4 Nc6 64.f5 Nd4 65.Kf4 Ne2+ 66.Kf3 Ng1+ 67.Kg3 
Ne2+ 68.Kh4 Nd4 69.f6+ Kh7 70.Nf4 Nf3+ 71.Kxh5 Ne5 72.Ne2 Kh8 73.Ng3 Kh7 
74.Nf5 Kg8 75.Nh6+ Kf8 76.Ng4 Ng6 77.Kh6 Kg8 78.Ne3 Ne5 79.Nd5 Ng4+ 80.Kh5
Ne5 81.Ne7+ Kh7 82.Kh4 Nf3+ 83.Kg4 Nd4 84.Kf4 Ne6+ 85.Kf5 Nd4+ 86.Ke5 Nf3+
87.Kf4 Nd4 88.Nf5 Ne6+ 89.Kg4 Kg8 90.Nh4 Nc5 91.Kf5 Nd7 92.Ke4 Kf8 93.Kd5 
Nb6+ 94.Kd4 Ke8 95.Nf3 Kd7 96.Kc5 Na4+ 97.Kd5 Nb6+ 98.Ke4 Kd6 99.Kf5 Nc4 
100.Nd4 Ne3+ 101.Kf4 Nd5+ 102.Ke4 Nc3+ 103.Kf5 Nd5 104.Nb5+ Kd7 105.Ke5 
Nb4 106.Nd4 Nd3+ 107.Kf5 Kd6 108.Nf3 Kd5 109.g6 fxg6+ 110.Kxg6 Nc5 111.f7 
Nd7 112.Kg7 Kd6 113.Ng5 Ke5 114.Nh7 Nc5 115.Kf8 Kf5 116.Ke7 Ne6 117.Ng5 
1-0

[Event "26th EUR-ch"]
[Site "Katowice POL"]
[Date "2026.04.07"]
[Round "1.95"]
[White "Bittner, Titus"]
[Black "Ioannidis, Evgenios"]
[Result "0-1"]
[WhiteElo "2162"]
[BlackElo "2487"]
[EventDate "2026.04.07"]
[PlyCount "68"]

1.e4 e6 2.d4 d5 3.Nd2 Be7 4.Ngf3 Nf6 5.e5 Nfd7 6.Bd3 c5 7.c3 Nc6 8.O-O a5 
9.Re1 cxd4 10.cxd4 Qb6 11.Nb1 Nxd4 12.Nxd4 Qxd4 13.Nc3 Qb6 14.Qg4 g6 15.
Nb5 O-O 16.Be3 Qd8 17.Bh6 f5 18.exf6 Nxf6 19.Qg3 Nh5 20.Qc7 Ng7 21.Rac1 
Bd7 22.a4 b6 23.Be3 Rb8 24.b3 Bb4 25.Red1 Qxc7 26.Rxc7 Rf7 27.g4 Ne8 28.
Ra7 Bxb5 29.Rxf7 Bxd3 30.Rd7 Bc2 31.Rc1 Bxb3 32.Bf4 Bxa4 33.Ra7 Rd8 34.Bg5
Rd7 0-1

[Event "26th EUR-ch"]
[Site "Katowice POL"]
[Date "2026.04.07"]
[Round "1.96"]
[White "Licznerski, Lukasz"]
[Black "Wacior, Maciej"]
[Result "1-0"]
[WhiteElo "2486"]
[BlackElo "2160"]
[EventDate "2026.04.07"]
[PlyCount "127"]

1.e4 c6 2.d4 d5 3.Nc3 dxe4 4.Nxe4 Bf5 5.Ng3 Bg6 6.h4 h6 7.Nf3 Nd7 8.h5 Bh7
9.Bd3 Bxd3 10.Qxd3 e6 11.Bd2 Qc7 12.O-O-O O-O-O 13.Ne4 Nc5 14.Nxc5 Bxc5 
15.Rh4 Nf6 16.Qe2 Be7 17.a3 Rhe8 18.g3 Nd5 19.Rg4 Rg8 20.c4 Nf6 21.Rf4 Bd6
22.Ne5 c5 23.Bc3 cxd4 24.Rfxd4 Bxe5 25.Rxd8+ Rxd8 26.Rxd8+ Kxd8 27.Bxe5 
Qc6 28.Kc2 b5 29.Qd3+ Ke7 30.Qd4 bxc4 31.Bxf6+ gxf6 32.Qxa7+ Kf8 33.Qe3 
Kg7 34.Kb1 Qh1+ 35.Qc1 Qd5 36.a4 e5 37.Qe1 e4 38.a5 Qxh5 39.a6 Qb5 40.a7 
Qa4 41.Qe3 c3 42.bxc3 Qb3+ 43.Kc1 Qa3+ 44.Kd2 Qa2+ 45.Ke1 Qa1+ 46.Ke2 Qa6+
47.Ke1 Qa1+ 48.Ke2 Qa6+ 49.c4 Qxc4+ 50.Ke1 Qa6 51.Qd4 h5 52.Kd2 Qa5+ 53.
Ke2 Qa6+ 54.Ke3 Qb7 55.Qa4 Qd5 56.Qa3 Qa8 57.Qa5 Kg6 58.Kd4 h4 59.gxh4 Kg7
60.h5 Kh7 61.Qf5+ Kg7 62.h6+ Kxh6 63.Qxf6+ Kh5 64.Qe5+ 1-0

[Event "26th EUR-ch"]
[Site "Katowice POL"]
[Date "2026.04.07"]
[Round "1.97"]
[White "Witczak, Borys"]
[Black "Quparadze, Giga"]
[Result "0-1"]
[WhiteElo "2160"]
[BlackElo "2484"]
[EventDate "2026.04.07"]
[PlyCount "92"]

1.d4 Nf6 2.c4 e6 3.Nc3 Bb4 4.e3 O-O 5.Bd2 b6 6.Nf3 d5 7.cxd5 exd5 8.Bd3 
Re8 9.O-O Bd6 10.Qb1 Bb7 11.b4 a6 12.b5 axb5 13.Nxb5 Bf8 14.Ng5 g6 15.f4 
Nbd7 16.f5 Bh6 17.e4 Nxe4 18.Nxe4 dxe4 19.Bxh6 exd3 20.fxg6 hxg6 21.Qb3 
Nf6 22.Qxd3 Qd5 23.Qf3 Qxf3 24.gxf3 Nd5 25.Kf2 Ba6 26.Rfb1 Re6 27.Rb3 Kh7 
28.Bg5 f6 29.Bd2 Bxb5 30.Rxb5 c6 31.Rbb1 Ra4 32.Re1 Rxe1 33.Bxe1 b5 34.Kg3
g5 35.Rc1 Rxa2 36.Rxc6 Nf4 37.Bf2 Kg6 38.d5 Nxd5 39.Rc5 Ne7 40.Rxb5 Nf5+ 
41.Kg2 Nh4+ 42.Kg3 Ra3 43.Kh3 Rxf3+ 44.Bg3 Rd3 45.Kg4 f5+ 46.Kh3 Kh5 0-1

[Event "26th EUR-ch"]
[Site "Katowice POL"]
[Date "2026.04.07"]
[Round "1.98"]
[White "Ahmad, Khagan"]
[Black "Elci, Eren"]
[Result "0-1"]
[WhiteElo "2483"]
[BlackElo "2159"]
[EventDate "2026.04.07"]
[PlyCount "100"]

1.e4 c5 2.Nf3 Nc6 3.d4 cxd4 4.Nxd4 g6 5.c4 Bg7 6.Be3 Qb6 7.Nb3 Qd8 8.Qd2 
Nf6 9.Nc3 Ng4 10.Bf4 d6 11.h3 Nf6 12.Bh6 O-O 13.Bxg7 Kxg7 14.g4 Be6 15.f4 
Rc8 16.O-O-O Na5 17.Qd4 Nc6 18.Qe3 Qb6 19.c5 dxc5 20.e5 Ng8 21.Qxc5 Nb4 
22.Qxb6 axb6 23.Kb1 Nxa2 24.Kxa2 Ra8+ 25.Kb1 Bxb3 26.Rd4 Rfd8 27.Rb4 Bd5 
28.Nxd5 Rxd5 29.Bg2 Rd2 30.Bxb7 Rb8 31.Bf3 e6 32.Rd1 Rh2 33.Rd7 Rxh3 34.
Bd1 Rh1 35.Ra4 Rf1 36.Ka2 b5 37.Rad4 Kf8 38.Ra7 g5 39.f5 exf5 40.gxf5 Rxf5
41.Rdd7 Re8 42.e6 Rxe6 43.Bg4 Ref6 44.Bxf5 Rxf5 45.Rdb7 g4 46.Ra5 h5 47.
Raxb5 Rxb5 48.Rxb5 Nf6 49.b4 g3 50.Rd5 Nxd5 0-1

[Event "26th EUR-ch"]
[Site "Katowice POL"]
[Date "2026.04.07"]
[Round "1.99"]
[White "Karut, Kacper"]
[Black "Saraci, Nderim"]
[Result "0-1"]
[WhiteElo "2159"]
[BlackElo "2483"]
[EventDate "2026.04.07"]
[PlyCount "112"]

1.e4 e5 2.Nf3 Nc6 3.Bb5 a6 4.Ba4 d6 5.O-O Bd7 6.c4 g6 7.d4 Bg7 8.Bxc6 Bxc6
9.dxe5 dxe5 10.Qc2 Ne7 11.b3 Bd7 12.Bb2 Nc6 13.Rd1 O-O 14.Nc3 Nd4 15.Nxd4 
exd4 16.Nd5 c6 17.Nf4 c5 18.b4 b6 19.bxc5 bxc5 20.Nd3 Rc8 21.Qd2 f5 22.e5 
f4 23.Ba3 f3 24.Bxc5 Re8 25.Bxd4 Ba4 26.Qc3 Bxd1 27.Rxd1 Qg5 28.g3 Red8 
29.c5 Qf5 30.Ne1 Bxe5 31.Bxe5 Rxd1 32.Qb3+ Kf8 33.Qxd1 Qxe5 34.Qxf3+ Qf5 
35.Qb7 Re8 36.Nf3 Re7 37.Qb8+ Kg7 38.Qb2+ Qf6 39.Qb3 Qe6 40.Qc3+ Qf6 41.
Qd3 Rc7 42.Qe3 Re7 43.Qd3 Rf7 44.Kg2 Qc6 45.Qc3+ Kg8 46.g4 h5 47.g5 Rf5 
48.Qb3+ Kf8 49.Kg3 Qe4 50.h3 h4+ 51.Kg2 Rxg5+ 52.Kf1 Rf5 53.Qb8+ Kg7 54.
Qb2+ Kh7 55.Nd4 Qh1+ 56.Ke2 Rxf2+ 0-1

[Event "26th EUR-ch"]
[Site "Katowice POL"]
[Date "2026.04.07"]
[Round "1.100"]
[White "Nemec, Jachym"]
[Black "Kovalskyi, Roman"]
[Result "1-0"]
[WhiteElo "2482"]
[BlackElo "2159"]
[EventDate "2026.04.07"]
[PlyCount "81"]

1.Nf3 d5 2.g3 c5 3.Bg2 Nf6 4.O-O e6 5.c4 d4 6.e3 Nc6 7.exd4 cxd4 8.d3 Bd6 
9.Na3 O-O 10.Nc2 e5 11.b4 Re8 12.Re1 a6 13.Bg5 Bf5 14.Nh4 Bd7 15.Rb1 b5 
16.c5 Bf8 17.f4 exf4 18.Bxf4 a5 19.a3 axb4 20.axb4 Ra2 21.Rxe8 Bxe8 22.Bg5
h6 23.Bxf6 Qxf6 24.Bd5 Ra7 25.Qe2 Re7 26.Qg2 Rc7 27.Rf1 Qg5 28.Be4 g6 29.
Re1 Bd7 30.Nf3 Qd8 31.Qf2 Bg4 32.Bxc6 Rxc6 33.Ne5 Rf6 34.Qxd4 Qxd4+ 35.
Nxd4 Bh3 36.Nxb5 h5 37.Nd4 Bh6 38.Nc2 Rf5 39.d4 f6 40.Nxg6 Kf7 41.Ne5+ 1-0

[Event "26th EUR-ch"]
[Site "Katowice POL"]
[Date "2026.04.07"]
[Round "1.101"]
[White "Vainbaum , Moisei"]
[Black "Talibov, Shiroghlan"]
[Result "1/2-1/2"]
[WhiteElo "2159"]
[BlackElo "2482"]
[EventDate "2026.04.07"]
[PlyCount "106"]

1.e4 c5 2.Nf3 d6 3.d4 cxd4 4.Nxd4 Nf6 5.Nc3 a6 6.h3 e6 7.g4 h6 8.Bg2 Be7 
9.h4 Nfd7 10.g5 hxg5 11.hxg5 Rxh1+ 12.Bxh1 g6 13.f4 Nc6 14.Be3 e5 15.Nxc6 
bxc6 16.Qf3 exf4 17.Bxf4 Ne5 18.Qg3 Qa5 19.O-O-O Be6 20.Bg2 Rb8 21.Bf1 Bf8
22.Bxe5 dxe5 23.Bh3 Bxh3 24.Qxh3 Rd8 25.Rf1 Qc5 26.a3 Qc4 27.Kb1 a5 28.Rf3
Rd7 29.Qh8 Qc5 30.Ka2 Qe7 31.Rf6 Rd6 32.Rxd6 Qxd6 33.Kb1 Qc5 34.Ne2 Kd7 
35.Nc1 Bd6 36.Qf6 Qc4 37.Nd3 Qxe4 38.Qxf7+ Kd8 39.Qf6+ Kc7 40.Qf7+ Kb6 41.
Qf6 Qd5 42.b3 a4 43.Nb2 axb3 44.cxb3 Bxa3 45.Nc4+ Kc7 46.Qg7+ Kd8 47.Qh8+ 
Kc7 48.Qg7+ Kd8 49.Qxg6 Be7 50.Qf5 Qh1+ 51.Kc2 Qg2+ 52.Kc3 Qxg5 53.Qxg5 
Bxg5 1/2-1/2

[Event "26th EUR-ch"]
[Site "Katowice POL"]
[Date "2026.04.07"]
[Round "1.102"]
[White "Ohanian, Emin"]
[Black "Rybackova, Lucie"]
[Result "1-0"]
[WhiteElo "2481"]
[BlackElo "2157"]
[EventDate "2026.04.07"]
[PlyCount "79"]

1.e4 c6 2.Nf3 d5 3.d3 Qc7 4.exd5 cxd5 5.c4 dxc4 6.Nc3 Nf6 7.dxc4 a6 8.Be2 
e6 9.O-O Be7 10.a3 O-O 11.b4 b6 12.h3 Bb7 13.Be3 Nbd7 14.Qb3 Rac8 15.Rfc1 
Bxf3 16.Bxf3 Ne5 17.Be2 Nxc4 18.Na4 Qe5 19.Bxc4 b5 20.Bf1 bxa4 21.Qxa4 Nd5
22.Rxc8 Rxc8 23.Qxa6 Rf8 24.Re1 Qc3 25.Rc1 Qb2 26.Qd3 Ra8 27.Rc2 Qe5 28.
Bd4 Qg5 29.Bc5 Bf6 30.b5 Be5 31.Qf3 Rb8 32.g3 h5 33.h4 Qg6 34.Bd3 f5 35.
Bc4 Qf7 36.Re2 Rc8 37.Rxe5 Rxc5 38.Bxd5 exd5 39.Rxf5 Qe8 40.Rxd5 1-0

[Event "26th EUR-ch"]
[Site "Katowice POL"]
[Date "2026.04.07"]
[Round "1.103"]
[White "Balinski, Damian"]
[Black "Bronstein, Or"]
[Result "0-1"]
[WhiteElo "2154"]
[BlackElo "2481"]
[EventDate "2026.04.07"]
[PlyCount "80"]

1.e4 c5 2.Nf3 d6 3.Bb5+ Nd7 4.c4 Nf6 5.Nc3 g6 6.h3 Bg7 7.d3 O-O 8.Ba4 b6 
9.Be3 Bb7 10.Qd2 e6 11.Bg5 Qc7 12.O-O Ne5 13.Nh2 Nc6 14.Bxc6 Bxc6 15.Bh6 
d5 16.Bxg7 Kxg7 17.cxd5 exd5 18.exd5 Bxd5 19.Nxd5 Nxd5 20.d4 c4 21.g3 h5 
22.Nf3 Qd7 23.Kh2 Rac8 24.Rac1 b5 25.Rfe1 Rfd8 26.Re5 f6 27.Re2 Re8 28.a3 
Qf5 29.Kg2 g5 30.Rce1 Rxe2 31.Qxe2 a5 32.Nd2 h4 33.Nf3 hxg3 34.fxg3 c3 35.
bxc3 Rxc3 36.Qf2 b4 37.axb4 axb4 38.g4 Qd3 39.Kg3 Rc2 40.Qf1 Nf4 0-1

[Event "26th EUR-ch"]
[Site "Katowice POL"]
[Date "2026.04.07"]
[Round "1.104"]
[White "Ilinca, Felix-Antonio"]
[Black "Lorscheid, Gerhard"]
[Result "1-0"]
[WhiteElo "2481"]
[BlackElo "2150"]
[EventDate "2026.04.07"]
[PlyCount "69"]

1.Nf3 Nf6 2.g3 d5 3.Bg2 c6 4.O-O g6 5.b3 Bg7 6.Bb2 O-O 7.c4 a5 8.Nc3 Ne4 
9.Na4 b5 10.Bxg7 Kxg7 11.Nb2 Qb6 12.Qc2 Na6 13.d3 Nf6 14.e4 Rb8 15.e5 Nd7 
16.Qd2 Ndc5 17.Qg5 Rb7 18.Qh4 Ne6 19.Ng5 Nxg5 20.Qxg5 Be6 21.Qf4 Rd7 22.
cxb5 cxb5 23.d4 Rc7 24.Nd1 Nb4 25.Ne3 Nc2 26.Rad1 Nxe3 27.fxe3 Rd8 28.Rf2 
b4 29.Rdf1 Rf8 30.h4 h5 31.Bf3 Bh3 32.Re1 Be6 33.Bxh5 gxh5 34.Qg5+ Kh7 35.
Rf6 1-0

[Event "26th EUR-ch"]
[Site "Katowice POL"]
[Date "2026.04.07"]
[Round "1.105"]
[White "Zareba, Piotr"]
[Black "Babazada, Khazar"]
[Result "0-1"]
[WhiteElo "2143"]
[BlackElo "2480"]
[EventDate "2026.04.07"]
[PlyCount "56"]

1.e4 c5 2.Nf3 Nc6 3.Bb5 e6 4.Bxc6 bxc6 5.d3 Ne7 6.Nbd2 Qc7 7.e5 Ng6 8.Nc4 
f6 9.Qe2 Be7 10.h4 O-O 11.h5 Nxe5 12.Ncxe5 fxe5 13.h6 g6 14.Nxe5 d6 15.Nc4
e5 16.O-O g5 17.Qh5 d5 18.Ne3 Qd6 19.Ng4 Bxg4 20.Qxg4 Qxh6 21.f4 Kh8 22.
fxg5 Rxf1+ 23.Kxf1 Qh1+ 24.Ke2 Rf8 25.c4 Qf1+ 26.Kd2 Rf2+ 27.Kc3 Qe1+ 28.
Kb3 Qb4# 0-1

[Event "26th EUR-ch"]
[Site "Katowice POL"]
[Date "2026.04.07"]
[Round "1.106"]
[White "Sipila, Vilka"]
[Black "Helis, Tadeusz"]
[Result "1-0"]
[WhiteElo "2479"]
[BlackElo "2141"]
[EventDate "2026.04.07"]
[PlyCount "107"]

1.e4 c5 2.Nf3 e6 3.d4 cxd4 4.Nxd4 a6 5.Bd3 Qc7 6.Qe2 d6 7.O-O Nf6 8.c4 Be7
9.Nc3 O-O 10.Be3 Nbd7 11.f4 Re8 12.Rac1 g6 13.b4 e5 14.fxe5 Nxe5 15.h3 Be6
16.Na4 Nfd7 17.Nxe6 fxe6 18.Bd4 Rac8 19.a3 Bg5 20.Rc3 Rf8 21.Rxf8+ Rxf8 
22.Bc2 Nc6 23.Bf2 Bf6 24.Rd3 Nce5 25.Rc3 Nc6 26.e5 Ncxe5 27.Bb3 Kg7 28.Rc2
Rc8 29.Nc3 Be7 30.Bd4 Nf6 31.Na4 Nc6 32.Bb6 Qd7 33.Rd2 e5 34.Nc5 Qe8 35.
Nxb7 Rb8 36.Nxd6 Bxd6 37.Rxd6 Rxb6 38.Qe3 Rb8 39.Qf3 Qe7 40.Qxc6 e4 41.
Rxf6 Qxf6 42.Qc7+ Kh6 43.Qxb8 e3 44.Bd1 Qf2+ 45.Kh2 e2 46.Bxe2 Qxe2 47.c5 
Qe4 48.Qf8+ Kg5 49.Qf3 Qc2 50.h4+ Kxh4 51.Qf4+ Kh5 52.Kh3 g5 53.Qf7+ Kh6 
54.Qf6+ 1-0

[Event "26th EUR-ch"]
[Site "Katowice POL"]
[Date "2026.04.07"]
[Round "1.107"]
[White "Zadrapova, Amalie"]
[Black "Bazakutsa, Svyatoslav"]
[Result "0-1"]
[WhiteElo "2139"]
[BlackElo "2477"]
[EventDate "2026.04.07"]
[PlyCount "86"]

1.e4 c5 2.Nf3 Nc6 3.Bb5 d6 4.O-O Bd7 5.Re1 Nf6 6.c3 a6 7.Bf1 Bg4 8.h3 Bxf3
9.Qxf3 g6 10.d3 Bg7 11.Be3 O-O 12.Nd2 Nd7 13.Qd1 Rc8 14.Nf3 Nde5 15.Nh2 b5
16.Rc1 Nd7 17.d4 cxd4 18.cxd4 Qa5 19.Nf3 e5 20.d5 Nd4 21.Nxd4 exd4 22.Bf4 
d3 23.Bxd3 Bxb2 24.Rc6 Be5 25.Bh6 Rfe8 26.Bb1 Rxc6 27.dxc6 Nc5 28.Be3 Qc7 
29.Qd5 Na4 30.f4 Bf6 31.Bd4 Bxd4+ 32.Qxd4 Qxc6 33.Kh2 Qc3 34.Rd1 Qxd4 35.
Rxd4 Nc3 36.Bc2 Nxa2 37.Rxd6 Nb4 38.Bb1 Rc8 39.Rd4 Rc4 40.Rd1 a5 41.f5 Kg7
42.e5 gxf5 43.Bxf5 Rc5 0-1

[Event "26th EUR-ch"]
[Site "Katowice POL"]
[Date "2026.04.07"]
[Round "1.108"]
[White "Tarhan, Adar"]
[Black "Luba, Lukasz"]
[Result "1-0"]
[WhiteElo "2477"]
[BlackElo "2138"]
[EventDate "2026.04.07"]
[PlyCount "77"]

1.Nf3 d6 2.e4 g6 3.d4 Bg7 4.c3 Nc6 5.h3 e5 6.dxe5 Nxe5 7.Nxe5 Bxe5 8.Be3 
Qe7 9.Nd2 Bd7 10.Bd3 h5 11.Qb3 Bc6 12.Nc4 Qd7 13.Nxe5 dxe5 14.O-O-O Qe7 
15.Bb5 Bxb5 16.Qxb5+ c6 17.Qa5 b5 18.Qa6 Qe6 19.Bg5 Nf6 20.f3 O-O 21.Rd2 
Rab8 22.Rhd1 Rb6 23.Qxa7 c5 24.Rd8 Rxd8 25.Rxd8+ Kg7 26.b3 c4 27.b4 Nh7 
28.Qe7 Nxg5 29.Qf8+ Kf6 30.Qh8+ Ke7 31.Re8+ Kd7 32.Rxe6 Nxe6 33.Qxe5 Nc7 
34.Qf4 f6 35.Qh6 g5 36.Qxh5 Rd6 37.Qf7+ Kc6 38.g3 Na8 39.Qe8+ 1-0